000 00485nam a22001811a 4500
001 6656
003 OSt
005 20260204212059.0
008 060626s1973||||sp ||||||b||||||||||spa||
050 _a813.52 F958v
100 _aFuller, John G.
245 _aEl viaje interrumpido: dos horas olvidadas a bardo de un platino volante / John G. Fuller
250 _a4
264 _aEspaña : Plaza y Janes
300 _a374 p
650 _aNovela Norteamericana I-tilÌ
942 _2ddc
_cBK
999 _c6656
_d6656